Statistiques concernant Formes des pays sur la carte du monde n°2 - une minute sprint

Cliquez ici pour prendre le quiz!

Statistiques générales

  • Ce quiz a été pris 276 fois
  • Le résultat moyen est 17 sur 20

Réponses sur la Carte

Les réponses sont colorées sur une échelle allant du rouge au vert en fonction du pourcentage des utilisateurs qui les ont devinées à leur premier essai. Vous pouvez retrouver ces pourcentages ci-dessous.
 

Statistiques - réponses

Pays% Correct
Canada
100%
Espagne
98%
Algérie
97%
Islande
97%
Finlande
96%
Égypte
93%
Japon
93%
Équateur
92%
Bolivie
91%
Indonésie
89%
Grèce
88%
Guyana
88%
Iran
86%
Yémen
85%
Viêt Nam
81%
République dominicaine
75%
Soudan du Sud
74%
Nigeria
73%
Botswana
70%
Ouzbékistan
64%

Distribution des résultats

Percentile par nombre de réponses

% des personnes avec chaque résultat

Votre développement - résultats

Vous n’avez pas pris ce quiz